000 00216nam a2200085Ia 4500
008 170617s9999 xx 000 0 und d
100 _aMoore - Thomas
245 0 _aBiochemistry and Palymer of plant haromones
260 _bSpringer
260 _c2009
999 _c15704
_d15704